000 00646nam a2200241 a 4500
008
020 _a0745623115 (pbk.)
049 _aMAIN
090 _aHM24 GID
100 _aGiddens, Anthony
245 _aSociology /
_cAnthony Giddens
250 _a4th ed.
260 _aCambridge :
_bPolity Press,
_c1993.
300 _axvii, 750 p. :
_bill. ;
_c25 cm.
504 _aIncludes bibliographical references.
500 _aIncludes index.
650 _aSociology.
907 _a.b10207594
_b19-02-07
_c17-07-06
003
005 20230123134227.0
040 _cNUST
942 _cBOOKS
_kHM24 GID
999 _c162244
_d162244